Diy urbanism in Africa: politics and practice (Record no. 1226944)

MARC details
000 -LEADER
fixed length control field 00629nam a2200217Ia 4500
005 - DATE AND TIME OF LATEST TRANSACTION
control field 20241129110012.0
008 - FIXED-LENGTH DATA ELEMENTS--GENERAL INFORMATION
fixed length control field 241129s9999||||xx |||||||||||||| ||und||
020 ## - INTERNATIONAL STANDARD BOOK NUMBER
International Standard Book Number 978-1-7869-9901-6
037 ## - SOURCE OF ACQUISITION
Stock number TB
040 ## - CATALOGING SOURCE
Original cataloging agency ARTS
Language of cataloging eng
Transcribing agency ARTS
041 ## - LANGUAGE CODE
Language code of text/sound track or separate title eng
Source of code eng
084 ## - COLON CLASSIFICATION NUMBER
Classification number V6,33 R4
Assigning agency ARTS
100 ## - MAIN ENTRY--PERSONAL NAME
Personal name Marr Stephen Au.; Mususa Patience Au.
9 (RLIN) 726810
245 #0 - TITLE STATEMENT
Title Diy urbanism in Africa: politics and practice
Statement of responsibility, etc. Marr Stephen Au.; Mususa Patience Au.
260 ## - PUBLICATION, DISTRIBUTION, ETC.
Place of publication, distribution, etc. UK
Name of publisher, distributor, etc. Zed
Date of publication, distribution, etc. 2023
300 ## - PHYSICAL DESCRIPTION
Extent xii,235p.
365 ## - TRADE PRICE
Price type code UKP
Price amount 21.99
650 ## - SUBJECT ADDED ENTRY--TOPICAL TERM
Topical term or geographic name entry element History- Africa
942 ## - ADDED ENTRY ELEMENTS (KOHA)
Koha item type Textbook
Classification part V6,33 R4
Holdings
Withdrawn status Lost status Damaged status Not for loan Home library Current library Date acquired Source of acquisition Cost, normal purchase price Inventory number Total Checkouts Full call number Barcode Date last seen Price effective from Koha item type
        Arts Library Arts Library 2024-11-29 Segment Book Distributors 21.99 67037 & 05/12/2023   V6,33 R4 AL1667977 2024-11-29 2024-11-29 Textbook
Copyright @ Delhi University Library System